00759nam a22001817a 4500003000900000008004100009040007100050082001500121100002500136245007400161260003700235300002800272505018000300650001800480650001300498650001700511700004900528AR-CdUCM190529b ||||| |||| 00| 0 spa d aMUNICIPALIDAD PROVINCIAL DEL CUSCOcBIBLIOTECA MUNICIPAL DEL CUSCO a112 /bF23 aFarrington, Benjamin aCiencia griega :bCon una "Nota Preliminar" de Hernán Rodríguez / aBuenos Aires :bHachette,c1957. a325 páginas ;c20 cm. aContenido : La deuda de la ciencia griega con las civilizaciones más antiguas del cercano oriente -- Tecnología y ciencia -- Principales períodos de la ciencia griega... aAristóteles aPlatón aAstrónomos aMolina y Vedia, Enrique y Rodriguez Hernán